| 000 | 00368nam a2200157 4500 | ||
|---|---|---|---|
| 008 | 190319s1987||||xo d | ||
| 100 | 1 |
_aBraniš Karel _9979 |
|
| 245 | 1 | 0 | _aZbierka úloh z matematiky pre SSOŠ 1. |
| 250 | _a2. vydanie | ||
| 260 |
_bSPN _aBratislava _c1987 |
||
| 300 | _a391 s. | ||
| 020 | _c0 | ||
| 041 | 1 | _aslo | |
| 044 |
_axo _cSK |
||
| 958 | _aA | ||
| 999 |
_c22241 _d22241 |
||